000 00446nam a2200169 i 4500
001 71245
003 ES-MaACL
005 20230906171057.0
007 t|
008 040806q19301939sp ||||1| spa d
100 1 _aGay, L.
_956105
245 1 0 _aRegional
_b: pasodoble . El desfile : pasodoble /
_cL. Gay.
260 _a[S.l. :
_bs.n.,
_c193-?]
300 _a4 h. ;
_c25 cm.
740 3 _aEl Desfile : pasodoble.
852 _aES-MaACL
_j1766-F-3
999 _c71245
_d71245